Ciudades más pobladas de Europa A-Z - Estadísticas

Estadísticas generales
  • Esta prueba ha sido intentada 361 veces
  • La puntuación promedio es 10 de 24
Estadísticas de respuestas
Letra Población Ciudad % Correcto
B 3.660.000 Berlín
89%
L 8.960.000 Londres
89%
P 2.140.000 París
89%
M 12.650.000 Moscú
87%
R 2.770.000 Roma
79%
A 870.000 Ámsterdam
72%
E 15.460.000 Estambul
64%
K 2.960.000 Kiev
64%
V 1.920.000 Viena
62%
Z 800.000 Zagreb
59%
S 5.380.000 San Petersburgo
57%
H 1.850.000 Hamburgo
41%
C 1.080.000 Colonia
32%
T 840.000 Turín
29%
F 760.000 Fráncfort
19%
G 610.000 Glasgow
18%
J 1.440.000 Járkov
18%
O 1.015.000 Odesa
18%
D 980.000 Dnipró
7%
N 1.240.000 Nizhni Nóvgorod
7%
U 340.000 Utrecht
7%
W 350.000 Wuppertal
3%
Y 600.000 Yaroslavl
2%
I 400.000 Ivánovo
1%
No se encontraron pruebas coincidentes
Distribución de puntuación
Porcentaje de gente con cada puntuación
Porcentaje por número respondido
Historial de tus puntuaciones
No has intentado esta prueba.